Verbalization of the Concept "Machine" in the Linguistic World Views of Russian and English Speakers; Procedia - Social and Behavioral Sciences; Vol. 215 : International Education and Cross-Cultural Communication, Problems and Solutions, (IECC 2015)
| Parent link: | Procedia - Social and Behavioral Sciences Vol. 215 : International Education and Cross-Cultural Communication, Problems and Solutions, (IECC 2015).— 2015.— [P. 287-292] |
|---|---|
| Κύριος συγγραφέας: | |
| Συγγραφή απο Οργανισμό/Αρχή: | |
| Άλλοι συγγραφείς: | |
| Περίληψη: | Title screen The paper focuses on the verbalization of the concept of "machine" in the Russian and English linguistic conceptions of the world. The study provides a comparative analysis of representation of the concept "machine" in two cultures and reveals ethnocultural specificity for Russian and English speakers. The significance of the work is due to the interest of modern linguistics and the Intercultural Communication Theory in the process of encoding a national mentality in the form of linguistic units. The authors describe ethnoculutural similarities and differences in the verbalization of the concept “machine” in Russian and English. Режим доступа: по договору с организацией-держателем ресурса |
| Γλώσσα: | Αγγλικά |
| Έκδοση: |
2015
|
| Θέματα: | |
| Διαθέσιμο Online: | http://dx.doi.org/10.1016/j.sbspro.2015.11.636 http://earchive.tpu.ru/handle/11683/33676 |
| Μορφή: | Ηλεκτρονική πηγή Κεφάλαιο βιβλίου |
| KOHA link: | https://koha.lib.tpu.ru/cgi-bin/koha/opac-detail.pl?biblionumber=650074 |
MARC
| LEADER | 00000nla2a2200000 4500 | ||
|---|---|---|---|
| 001 | 650074 | ||
| 005 | 20250606144600.0 | ||
| 035 | |a (RuTPU)RU\TPU\network\15256 | ||
| 035 | |a RU\TPU\network\15255 | ||
| 090 | |a 650074 | ||
| 100 | |a 20160907a2015 k y0engy50 ba | ||
| 101 | 0 | |a eng | |
| 105 | |a y z 100zy | ||
| 135 | |a drgn ---uucaa | ||
| 181 | 0 | |a i | |
| 182 | 0 | |a b | |
| 200 | 1 | |a Verbalization of the Concept "Machine" in the Linguistic World Views of Russian and English Speakers |f N. O. Bulgakova, O. V. Sedelnikova | |
| 203 | |a Text |c electronic | ||
| 300 | |a Title screen | ||
| 320 | |a [References: р. 291-292 (13 tit.)] | ||
| 330 | |a The paper focuses on the verbalization of the concept of "machine" in the Russian and English linguistic conceptions of the world. The study provides a comparative analysis of representation of the concept "machine" in two cultures and reveals ethnocultural specificity for Russian and English speakers. The significance of the work is due to the interest of modern linguistics and the Intercultural Communication Theory in the process of encoding a national mentality in the form of linguistic units. The authors describe ethnoculutural similarities and differences in the verbalization of the concept “machine” in Russian and English. | ||
| 333 | |a Режим доступа: по договору с организацией-держателем ресурса | ||
| 461 | 0 | |0 (RuTPU)RU\TPU\network\2898 |t Procedia - Social and Behavioral Sciences | |
| 463 | 0 | |0 (RuTPU)RU\TPU\network\14998 |t Vol. 215 : International Education and Cross-Cultural Communication, Problems and Solutions, (IECC 2015) |o International Conference, 9-11 June 2015, Tomsk, Russia |o [proceedings] |f National Research Tomsk Polytechnic University (TPU) ; ed. E. V. Fell |v [P. 287-292] |d 2015 | |
| 610 | 1 | |a электронный ресурс | |
| 610 | 1 | |a труды учёных ТПУ | |
| 610 | 1 | |a вербализация | |
| 610 | 1 | |a лингвистика | |
| 610 | 1 | |a метафоры | |
| 610 | 1 | |a семантический анализ | |
| 610 | 1 | |a русский язык | |
| 610 | 1 | |a английский язык | |
| 700 | 1 | |a Bulgakova |b N. O. |g Natalia | |
| 701 | 1 | |a Sedelnikova |b O. V. |c linguist |c Professor of Tomsk Polytechnic University, Doctor of philological sciences |f 1972- |g Olga Viktorovna |3 (RuTPU)RU\TPU\pers\37211 |9 20189 | |
| 712 | 0 | 2 | |a Национальный исследовательский Томский политехнический университет |c (2009- ) |9 26305 |
| 801 | 2 | |a RU |b 63413507 |c 20170120 |g RCR | |
| 850 | |a 63413507 | ||
| 856 | 4 | |u http://dx.doi.org/10.1016/j.sbspro.2015.11.636 | |
| 856 | 4 | |u http://earchive.tpu.ru/handle/11683/33676 | |
| 942 | |c CF | ||